| 000 | 03870namaa22004211i 4500 | ||
|---|---|---|---|
| 003 | OSt | ||
| 005 | 20260421122300.0 | ||
| 008 | 250827s2025 ua a|||frm||| 000 0 eng d | ||
| 040 |
_aEG-GICUC _bara _cEG-GICUC _dEG-GICUC _erda |
||
| 041 | 0 |
_aara _bara _beng |
|
| 049 | _aإيداع | ||
| 082 | 0 | 4 | _a726 |
| 092 |
_a726 _221 |
||
| 097 | _aمــــاجستير | ||
| 099 | _aCai01.14.04.M.Sc.2025.مص.م | ||
| 100 | 0 |
_a،مصطفى أشرف عبد الفتاح عبد العزيز أبو حسين _eإعداد. |
|
| 245 | 1 | 0 |
_aالمنشآت الدينية في مدينتي إبيداوروس وبرييني منذ القرن الرابع ق.م حتى نهاية العصر الهلينستي / _cإعداد مصطفى أشرف عبد الفتاح عبد العزيز أبو حسين؛ إشراف أ.د/ خالد غريب علي أحمد شاهين، أ.م.د/ منى جبر عبد النبي حسين. |
| 246 | 1 | 5 | _aThe religious buildings of the cities of epidaurus and priene since the fourth century b.c. until the end of the hellenistic age / |
| 264 | 0 | _c2025. | |
| 300 |
_a455 صفحة : _bإيضاحيات ؛ _c30 سم. + _eCD. |
||
| 336 |
_atext _2rda content |
||
| 337 |
_aUnmediated _2rdamedia |
||
| 338 |
_avolume _2rdacarrier |
||
| 502 | _aأطروحة (ماجستير)-جامعة القاهرة، 2025. | ||
| 504 | _aببليوجرافيا: صفحات 266-286. | ||
| 520 | _aيتم تقسيم البحث إلى مقدمة وتمهيد وبابين، ويحتوي الباب الأول على فصلين، بينما يحتوي الباب الثاني على ثلاثة فصول، ثم خاتمة، وسبعة ملاحق وكتالوج الأشكال التوضيحية.ويتناول التمهيد أصل التسمية، وبداية التأسيس، والموقع، والتاريخ السياسي، وتخطيط مدينتي إبيداوروس وبرييني، وأيضًا أعمال التنقيب، والبحث العلمي الذي تم في المدينتين.ويتناول الباب الأول دراسة وصفية للمنشآت الدينية في مدينتي إبيداوروس وبرييني، في حين يتناول الباب الثاني دراسة تحليلية للمنشآت الدينية في مدينتي إبيداوروس وبرييني. | ||
| 520 | _aThe research is divided into an introduction, a preface, and two chapters. The first chapter contains two chapters, while the second chapter contains three chapters, a conclusion, seven appendices, and a catalog of illustrative figures.The preface covers the origin of the name, the beginning of its establishment, the location, the political history, and the planning of the cities of Epidaurus and Priene, as well as the excavations and scientific research conducted in the two cities.The first chapter includes a descriptive study of the religious structures in Epidaurus and Priene, while the second chapter includes an analytical study of the religious structures in Epidaurus and Priene. | ||
| 530 | _aصدر أيضًا كقرص مدمج. | ||
| 546 | _aالنص بالعربية والملخص باللغة الإنجليزية والعربية. | ||
| 650 | 7 |
_aالمنشآت الدينية _2qrmak |
|
| 653 | 0 |
_aأباتون _aإبيداوروس _aأثينا بولياس |
|
| 700 | 0 |
_aخالد غريب علي أحمد شاهين _eمشرف أطروحة. |
|
| 700 | 0 |
_aمنى جبر عبدالنبي _eمشرف أطروحة. |
|
| 900 |
_b06-07-2025 _cخالد غريب علي أحمد شاهين _cمنى جبر عبدالنبي _dحسان إبراهيم عامر _dولاء مصطفى عبد العاطي _Uجامعة القاهرة _Fكلية الآثار _Dقسم الآثار اليونانية الرومانية |
||
| 905 | _aSara | ||
| 942 |
_2ddc _cTH _e21 _n0 |
||
| 999 | _c179650 | ||